|
|
|
|
| LEADER |
03032nam a2200577 4500 |
| 001 |
978-3-030-03998-1 |
| 003 |
DE-He213 |
| 005 |
20191021192941.0 |
| 007 |
cr nn 008mamaa |
| 008 |
190114s2019 gw | s |||| 0|eng d |
| 020 |
|
|
|a 9783030039981
|9 978-3-030-03998-1
|
| 024 |
7 |
|
|a 10.1007/978-3-030-03998-1
|2 doi
|
| 040 |
|
|
|d GrThAP
|
| 050 |
|
4 |
|a TN260
|
| 072 |
|
7 |
|a RBGL
|2 bicssc
|
| 072 |
|
7 |
|a SCI031000
|2 bisacsh
|
| 072 |
|
7 |
|a RBGL
|2 thema
|
| 082 |
0 |
4 |
|a 553
|2 23
|
| 100 |
1 |
|
|a Liner, Christopher L.
|e author.
|4 aut
|4 http://id.loc.gov/vocabulary/relators/aut
|
| 245 |
1 |
4 |
|a The Art and Science of Seismic Interpretation
|h [electronic resource] /
|c by Christopher L. Liner, T. A. (Mac) McGilvery.
|
| 250 |
|
|
|a 1st ed. 2019.
|
| 264 |
|
1 |
|a Cham :
|b Springer International Publishing :
|b Imprint: Springer,
|c 2019.
|
| 300 |
|
|
|a VIII, 116 p. 60 illus., 54 illus. in color.
|b online resource.
|
| 336 |
|
|
|a text
|b txt
|2 rdacontent
|
| 337 |
|
|
|a computer
|b c
|2 rdamedia
|
| 338 |
|
|
|a online resource
|b cr
|2 rdacarrier
|
| 347 |
|
|
|a text file
|b PDF
|2 rda
|
| 490 |
1 |
|
|a SpringerBriefs in Earth Sciences,
|x 2191-5369
|
| 505 |
0 |
|
|a Chapter1: Seismic Geophysics -- Chapter2: Historical Overview of Petroleum and Seismology -- Chapter3: Seismic interpretation in Petroleum Exploration -- Chapter4: Application to Petroleum Development -- Chapter5: Summary.
|
| 520 |
|
|
|a This book demystifies that art and science of seismic interpretation for those without formal geophysical training. From geologists to managers and investors, The Art and Science of Seismic Interpretation is a guide to what seismic data is, how it is interpreted, and what it can deliver.
|
| 650 |
|
0 |
|a Economic geology.
|
| 650 |
|
0 |
|a Geotechnical engineering.
|
| 650 |
|
0 |
|a Geophysics.
|
| 650 |
|
0 |
|a Fossil fuels.
|
| 650 |
|
0 |
|a Mineral resources.
|
| 650 |
|
0 |
|a Physics.
|
| 650 |
1 |
4 |
|a Economic Geology.
|0 http://scigraph.springernature.com/things/product-market-codes/G17010
|
| 650 |
2 |
4 |
|a Geotechnical Engineering & Applied Earth Sciences.
|0 http://scigraph.springernature.com/things/product-market-codes/G37010
|
| 650 |
2 |
4 |
|a Geophysics/Geodesy.
|0 http://scigraph.springernature.com/things/product-market-codes/G18009
|
| 650 |
2 |
4 |
|a Fossil Fuels (incl. Carbon Capture).
|0 http://scigraph.springernature.com/things/product-market-codes/114000
|
| 650 |
2 |
4 |
|a Mineral Resources.
|0 http://scigraph.springernature.com/things/product-market-codes/G38010
|
| 650 |
2 |
4 |
|a Applied and Technical Physics.
|0 http://scigraph.springernature.com/things/product-market-codes/P31000
|
| 700 |
1 |
|
|a McGilvery, T. A. (Mac).
|e author.
|4 aut
|4 http://id.loc.gov/vocabulary/relators/aut
|
| 710 |
2 |
|
|a SpringerLink (Online service)
|
| 773 |
0 |
|
|t Springer eBooks
|
| 776 |
0 |
8 |
|i Printed edition:
|z 9783030039967
|
| 776 |
0 |
8 |
|i Printed edition:
|z 9783030039974
|
| 830 |
|
0 |
|a SpringerBriefs in Earth Sciences,
|x 2191-5369
|
| 856 |
4 |
0 |
|u https://doi.org/10.1007/978-3-030-03998-1
|z Full Text via HEAL-Link
|
| 912 |
|
|
|a ZDB-2-EES
|
| 950 |
|
|
|a Earth and Environmental Science (Springer-11646)
|